La iglesia católica en la segunda mitad del siglo XX
Enregistré dans:
| Auteur principal: | |
|---|---|
| Format: | Livre |
| Langue: | espagnol |
| Publié: |
Madrid
Palabra
1998
|
| Édition: | 1a. ed |
| Collection: | Colección Ayer y Hoy de la Historia
|
| Sujets: | |
| Tags: |
Ajouter un tag
Pas de tags, Soyez le premier à ajouter un tag!
|
MARC
| LEADER | 00000cam a2200000 a 4500 | ||
|---|---|---|---|
| 001 | UCO1861 | ||
| 003 | CL-VaPUC | ||
| 008 | 000525e19980000SP |||||||||||||||||spa|d | ||
| 020 | |a 8482392867 | ||
| 082 | 0 | 4 | |a 270 |b ORL |2 21 |
| 100 | |a Orlandis, José |e autor |9 257076 | ||
| 245 | 1 | 3 | |a La iglesia católica en la segunda mitad del siglo XX |
| 250 | |a 1a. ed | ||
| 300 | |a 304 p | ||
| 942 | |c BK | ||
| 945 | |d 20000525 00:00:00 |a rbrito | ||
| 260 | |a Madrid |b Palabra |c 1998 | ||
| 600 | 0 | |a Iglesia católica |9 255129 | |
| 650 | 0 | |a Cristianismo |9 257361 | |
| 650 | 7 | |a HISTORIA DE LA IGLESIA SIGLO 20 |2 CL-VaPUC |9 444415 | |
| 583 | |a last modification |c 20170615 12:53:53 |k Rodrigo Vera | ||
| 490 | 0 | |a Colección Ayer y Hoy de la Historia | |
| 999 | |c 288451 |d 288449 | ||
| 952 | |0 0 |1 0 |4 0 |6 270_000000000000000_ORL_1998 |7 0 |8 A |9 336128 |a BIBTEO |b BIBTEO |d 2019-11-20 |i 3585131 |o 270 ORL 1998 |p 3585131 |r 2025-01-17 |w 2019-11-20 |y BK |k ICR | ||
| 952 | |0 0 |1 0 |3 erd |4 0 |6 270_000000000000000_ORL_1998 |7 0 |8 A |9 336129 |a BIBTEO |b BIBTEO |i 5399009 |o 270 ORL 1998 |p 5399009 |r 2025-01-17 |w 2019-11-20 |y BK |z Catalogado en:20170616 |k ICR | ||